000 005660000a22001930004500
003 LK-CoMWRAF
005 20231218120923.0
008 230817t1993 ||||| |||| 00| 0 eng d
040 _aLK-CoMWRAF
_dLK-CoMWRAF
_eLK-CoMWRAF
041 _aeng
082 _a305.4098
_bBAR
100 _aBarbieri, M. Teresita de
245 _aWomen and the crisis in Latin America
260 _aPeru:
_bEntre Mujeres,
_c1993
300 _a53 p.; 21 cm
_bBibliography included
650 _aWomen- Latin America- Economic conditions
650 _aWomen- Social conditions
942 _cBK
999 _c381
_d381